000 00382nam a2200133Ia 4500
008 151001s9999||||xx |||||||||||||| ||und||
100 _aशिवांग
245 _aकौटुंबिक हिंसाचारापासमन
250 _a1
260 _bशिवांश पब्लिकेशन
260 _c2008
300 _a94
365 _b21
999 _c989364
_d989361